Elementary electrical engineering
| Main Author: | |
|---|---|
| Format: | Book |
| Published: |
New Delhi :
New Heights ,
[s.n]
|
| Subjects: |
MARC
| LEADER | 00000cam a2200000 7i4500 | ||
|---|---|---|---|
| 001 | 0000038003 | ||
| 005 | 20131022.0 | ||
| 008 | 131022 | ||
| 090 | 0 | 0 | |a 621.31042 |b GUP |
| 100 | 1 | |a Gupta | |
| 245 | 1 | 0 | |a Elementary electrical engineering |c Gupta |
| 260 | |a New Delhi : |b New Heights , |c [s.n] | ||
| 650 | 0 | |a Electrical engineering | |
| 999 | |a 0001243673 |b Book |c Adult Collection |e Perbadanan Perpustakaan Awam Johor | ||